La conquista erótica de las Indias / (Registro nro. 12968)

Detalles MARC
000 -LIDER
fixed length control field 00773nam a22002417a 4500
003 - IDENTIFICACDOR DE NÚMERO DE CONTROL
control field DO-SdBNP
005 - DATE AND TIME OF LATEST TRANSACTION
control field 20180402083325.0
008 - ELEMENTOS DE LONGITUD FIJA
fixed length control field 171121b 1992 sp ||||| |||| 00| 0 spa d
020 ## - ISBN
International Standard Book Number 843204542X
040 ## - FUENTE DE CATALOGACIÓN
Agencia que crea de manera original el registro BPMSU
Idioma de catalogación spa
Agencia que realiza la transcripción BPMSU
092 ## - LOCALLY ASSIGNED DEWEY DECIMAL CALL NUMBER
Número de clasificación xxxx
Número de ítem (Cutter) xxxx
100 1# - ASIENTO PRINCIPAL -- NOMBRE PERSONAL
Nombre personal Herren, Ricardo,
Fechas asociadas con el nombre 1940-
245 10 - MENCIÓN DE TITULO
Título La conquista erótica de las Indias /
Mención de responsabilidad Ricardo Herren.
250 ## - MENCIÓN DE EDICION
Mención de edición 2a reimp del 1992.
260 ## - PUBLICACIÓN, DISTRIBUCIÓN, ETC. (PIE DE IMPRENTA)
Lugar de publicación, distribución, etc Barcelona :
Nombre del editor, distribuidor, etc. Planeta,
Fecha de publicación, distribución, etc 1991.
300 ## - DESCRIPCIÓN FÍSICA
Extensión 268 p. :
Otros detalles físicos il., mapas ;
Dimensiones 21 cm.
490 1# - MENCIÓN DE SERIES
Mención de serie Memoria de la historia
Volume/sequential designation 53
500 ## - NOTA GENERAL
Nota general Incluye datos del autor en la solapa de la cubierta
830 ## - ASIENTO SECUNDARIO DE SERIE--TÍTULO UNIFORME
Título uniforme Memoria de la historia
Volume number/sequential designation 53
942 ## - ADDED ENTRY ELEMENTS (KOHA)
Source of classification or shelving scheme Dewey Decimal Classification
Koha item type Libros
945 ## - INFORMACIÓN DE PROCESAMIENTO LOCAL
Información de procesamiento local Remanejado para la BNPHU / 2018 VM
956 ## - LOCAL ELECTRONIC LOCATION AND ACCESS (OCLC)
Nombre de host LOPEREZ
Número de acceso 10
Información de compresión 20171121
Procesador de solicitud 0041
Instrucción BPMSU
Existencias
Withdrawn status Lost status Source of classification or shelving scheme Damaged status Not for loan Collection code Home library Current library Date acquired Source of acquisition Total Checkouts Barcode Date last seen Price effective from Koha item type
    Dewey Decimal Classification     Colección General Biblioteca Pública Metropolitana Salomé Ureña Biblioteca Pública Metropolitana Salomé Ureña 11/21/2017 FUNDI   BPMSU17110276 11/21/2017 11/21/2017 Libros